00947nam a22002657a 4500003000900000005001700009008003000026020001500056040002200071041000800093092001700101100004000118245013000158260007100288300003000359490003000389504003200419830003300451910001000484942001200494945003800506952010200544956002000646999001500666DO-SdBNP20180126094942.0151106b 1989 sp 00| 0 spa d a8478690026 aBPMSUbspacBPMSU aspa axxxxxbxxxxx1 aPortellano Pérez, José Antonio.10aFracaso escolar : bdiagnóstico e intervención, una perspectiva neuropsicológica /cJosé Antonio Portellano Pérez. aMadrid :bCiencias de la Educación Preescolar y Especial,c1989. a176 p. : bil. ; c24 cm.1 aEducación Especial v29 aBibliografía : p. 173-176 a Educación Especial ; n29 a00260 2ddccBK aInventariado extranjero / 2018 VM 00102ddc4070aBPMETbBPMETd2015-11-06eFUNDIl0pBPMSU15110125r2015-11-06t w2015-11-06yBK 2Lorenza Pérez c8604d8604